000 00969nam a2200265 a 4500
005 20160923151937.0
008 160923s1999 sp grl 001 0 spa d
020 _a8447012824
020 _a9788447012824
040 _aCo-BoUCM
_bspa
_cEdgar Pinilla
_dEdgar Pinilla
041 0 _aspa
245 0 0 _aLegislación estatal del suelo
_cedición preparada por Julio Toledo Jáudenes
250 _a19a ed.
260 _aMadrid (España)
_bCivitas Ediciones
_c1999
300 _a533 páginas
490 0 _aBiblioteca de legislación
_v25
504 _aIncluye referencias bibliográficas e índices
650 0 4 _aDerecho urbanístico
_xLegislación
_zEspaña
_980496
650 0 4 _aUrbanismo
_xLegislación
_zEspaña
_980498
650 0 4 _aConstrucción
_xLegislación
_zEspaña
_980499
690 0 _aDerecho público
_912826
700 1 _aToledo Jáudenes, Julio
_eeditor
_980500
942 _2DEWEY
_cLIBRO
_a8
_e1
_h344.946
_mL514
999 _c304728
_d304728